Sprache im Alltag <ein> Konversationsbuch für Fortgeschrittene

Salvato in:
Dettagli Bibliografici
Autore principale: Kanisová, Zdenka
Ente Autore: Akadémia vzdelávania OVB
Altri autori: Richter, Manfred
Natura: Libro
Lingua:tedesco
slovacco
Pubblicazione: Bratislava REMEDIUM 2005
Soggetti:
Tags: Aggiungi Tag
Nessun Tag, puoi essere il primo ad aggiungerne!!

MARC

LEADER 00000nam$a2200000$$$4500
001 0033523
005 20240502071441.4
020 |a 80-88993-99-7 
041 0 |a ger 
041 0 |a slo 
044 |a SK 
245 1 0 |a Sprache im Alltag  |b <ein> Konversationsbuch für Fortgeschrittene  |c Zdenka Kanisová, Manfred Richter 
264 1 |a Bratislava  |b REMEDIUM  |c 2005 
300 |a 284 s. 
610 2 0 |a jazyky cudzie 
610 2 0 |a jazykoveda 
610 2 0 |a terminológia 
100 1 |a Kanisová, Zdenka 
700 1 |a Richter, Manfred 
710 2 |a Akadémia vzdelávania OVB